01830nam a2200313uu 4500001000800000005001700008007001000025008004100035035001200076040001300088041000800101080000800109100004800117245017300165260004300338300001700381500009100398520068800489650002801177650003701205650003801242650001201280650006801292700005101360700004501411700004001456502001201496526000801508102505820240808090348.0cr|||||||070419e20070130 spa  a1025058 ccomduadb aspa aEFP10aIzquierdo González, Iris Isabel4auteaut10aEvaluación financiera del montaje de la producción de cachama con fines comerciales dentro del centro de investigaciones piscícolas de la Universidad de Córdoba aMedellín :b[sin publicador],c2007. a51 páginas aLocalización: Centro de Documentación CENDOI, 20 -146. Clasificación: EFP 02944.3 aLa importancia de este proyecto radica en la posibilidad que este brinda para hacer una evaluación financiera precisa de las condiciones y requerimientos para la producción comercial de cachamas dentro del Centro Piscícola, de tal forma que arroje unos resultados a todas las dependencias operativas de la Universidad de Córdoba para tal fin. Este análisis financiero permitirá fijar un punto de partida para proyectar, planear y ejecutar proyectos de explotación y comercialización de bienes pecuarios paralelos a la actividad de formación académica en las diferentes líneas de la Facultad de Medicina Veterinaria y Zootecnia de la Universidad de Córdoba. aEvaluación financiera 7aElaboración de proyectos2lemb 7aPlanificación empresarial2lemb aCachama aUniversidad de Córdoba - Centro de Investigaciones Piscicolas10aSerpa Contreras, Rosario del Socorro4auteaut10aVillegas Bedoya, Silvio León4drtedrt10aPalomino Cantillo, Miguel4thseths b189c17 a191